Normal view
MARC view
- Marsiya (elegiac poetry)
Entry Topical Term
001 - CONTROL NUMBER
- control field: 129755
003 - CONTROL NUMBER IDENTIFIER
- control field: NUST
005 - DATE AND TIME OF LATEST TRANSACTION
- control field: 20250712155722.0
008 - FIXED-LENGTH DATA ELEMENTS
- fixed length control field: 250712|| aca||aabn | a|a d
040 ## - CATALOGING SOURCE
- Original cataloging agency: NUST
- Transcribing agency: NUST
150 ## - HEADING--TOPICAL TERM
- Topical term or geographic name entry element: Marsiya (elegiac poetry)
670 ## - SOURCE DATA FOUND
- Source citation: Work cat.: (NUST): Kazmi, Syed Ashoor, 129754, Marsiya Nazm Ki Asnaaf Mein :Jadeed Marsiya aur Agha Sikandar Mehdi /, 1996.
